000 00276nam a22001217a 4500
020 _a0-7131-3291-4
082 _a670.42 CHA'W
100 _aCHAPMAN, W.A.J.DR
_959974
245 _aWORKSHOP TECHNOLOGY PART-II
260 _aLONDON
_bELBS
_c1972
300 _a399P
942 _cBK
999 _c569826
_d569826